000 00196nam a22000977a 4500
003 SGT
245 _aJOURNAL OF FORENSIC SCIENCES
260 _bASTM NEW YORK
_c2011
300 _a836
942 _2ddc
_cBV
999 _c19280
_d19280